Vista normal
Vista MARC
Entrada Personal Name
Número de registros utilizados en: 6
001 - CONTROL NUMBER
- control field: 7310
003 - CONTROL NUMBER IDENTIFIER
- control field: OSt
005 - DATE AND TIME OF LATEST TRANSACTION
- control field: 20200715150209.0
008 - FIXED-LENGTH DATA ELEMENTS
- fixed length control field: 200715|| aca||aabn | a|a d
040 ## - CATALOGING SOURCE
- Original cataloging agency: OSt
- Transcribing agency: OSt
100 ## - HEADING--PERSONAL NAME
- Personal name: Steiner, Roberto
670 ## - SOURCE DATA FOUND
- Source citation: Work cat.: (OSt)3688: Montenegro, Santiago, compilador 7307, Propuestas para una Colombia competitiva / , ©2002